| 000 | 00593nam a2200181Ia 4500 | ||
|---|---|---|---|
| 008 | 090124s9999 xx 000 0 und d | ||
| 082 | _b24065 | ||
| 100 | _aशिरवाडकर वसंत | ||
| 245 | _a स्फूर्तिचित्रे | ||
| 250 | _a0 | ||
| 260 |
_bपृथ्वी प्रकाशन _c1985 |
||
| 300 | _a80 | ||
| 600 | _aशिरवाडकर वसंत | ||
| 630 | _a स्फूर्तिचित्रे | ||
| 700 | _aशिरवाडकर वसंत | ||
| 730 | _a स्फूर्तिचित्रे | ||
| 942 | _cBOOK | ||
| 999 |
_c92621 _d92621 |
||